Normal view
MARC view
- Er. Suma Nair (Guide)
Entry Personal Name
001 - CONTROL NUMBER
- control field: 3701
003 - CONTROL NUMBER IDENTIFIER
- control field: OSt
005 - DATE AND TIME OF LATEST TRANSACTION
- control field: 20181012111843.0
008 - FIXED-LENGTH DATA ELEMENTS
- fixed length control field: 181012|| aca||aabn | a|a d
040 ## - CATALOGING SOURCE
- Original cataloging agency: OSt
- Transcribing agency: OSt
100 ## - HEADING--PERSONAL NAME
- Personal name: Er. Suma Nair (Guide)
670 ## - SOURCE DATA FOUND
- Source citation: Work cat.: (OSt)14960: ANJALI V.L SARI A.K WILSON D'SOUZA 3700, Design and development of a mechanical mixer for talc-based bio control agents
